[Event "HUN-chT2 Szechenyi 2223"]
[Site "Hungary"]
[Date "2023.03.12"]
[Round "7.4"]
[White "Gaal, Sandor"]
[Black "Ori, Tamas"]
[Result "1/2-1/2"]
[WhiteElo "1968"]
[BlackElo "1845"]
[PlyCount "46"]
[EventDate "2022.11.20"]
[EventType "team-tourn"]
[EventRounds "9"]
[EventCountry "HUN"]
[SourceTitle "EXT 2025"]
[Source "ChessBase"]
[SourceDate "2024.10.14"]
[SourceVersion "1"]
[SourceVersionDate "2024.10.14"]
[SourceQuality "1"]
[WhiteTeam "Sentimento Ajka BSK III"]
[BlackTeam "Arboretum Hereny KSE"]
[WhiteTeamCountry "HUN"]
[BlackTeamCountry "HUN"]

1. Nf3 Nf6 2. g3 d5 3. d4 g6 4. Bg2 Bg7 5. 0-0 0-0 6. c4 c6 7. Qb3 dxc4 8. Qxc4 Nbd7 9. Nc3 Nb6 10. Qd3 Be6 11. Rd1 Qc8 12. Bf4 Nfd5 13. Nxd5 Nxd5 14. Bd2 Bh3 15. Bh1 Rd8 16. e4 Nb6 17. Be3 Bg4 18. Qb3 Qe6 19. Qb4 h6 20. a4 Qxe4 21. Ne5 Qf5 22. Nxg4 Qxg4 23. Qxe7 Rd7 1/2-1/2

[Event "HUN-chT2 Szechenyi 2223"]
[Site "Hungary"]
[Date "2023.02.12"]
[Round "5.2"]
[White "Gaal, Sandor"]
[Black "Hegedus, Gyula"]
[Result "1-0"]
[WhiteElo "1958"]
[BlackElo "2057"]
[PlyCount "139"]
[EventDate "2022.11.20"]
[EventType "team-tourn"]
[EventRounds "9"]
[EventCountry "HUN"]
[SourceTitle "EXT 2025"]
[Source "ChessBase"]
[SourceDate "2024.10.14"]
[SourceVersion "1"]
[SourceVersionDate "2024.10.14"]
[SourceQuality "1"]
[WhiteTeam "Sentimento Ajka BSK III"]
[BlackTeam "Ezust Huszar"]
[WhiteTeamCountry "HUN"]
[BlackTeamCountry "HUN"]

1. Nf3 d6 2. g3 c6 3. Bg2 Bg4 4. h3 Bh5 5. d4 Qa5+ 6. Nc3 Nf6 7. 0-0 Nbd7 8. Bd2 Qc7 9. g4 Bg6 10. Nh4 e6 11. Bf4 Nd5 12. Nxd5 cxd5 13. c3 Be7 14. Nxg6 hxg6 15. Qa4 g5 16. Bh2 Kf8 17. Qc2 Kg8 18. e4 Nf6 19. exd5 Nxd5 20. Bxd5 exd5 21. Kg2 Rh6 22. Rae1 Bf8 23. Qf5 Qc4 24. Qxg5 Qxa2 25. Re2 Qc4 26. Rfe1 Qc6 27. Qd2 a5 28. f4 a4 29. f5 a3 30. bxa3 Rxa3 31. Re3 Qc4 32. R1e2 Rh8 33. Bg3 Qc6 34. Qb2 Ra8 35. Qb4 Kh7 36. Rb2 Re8 37. Rbe2 Re4 38. Qb1 f6 39. Qd3 Kg8 40. Be1 Rxe3 41. Qxe3 Qc4 42. Qe6+ Kh7 43. Bd2 Rg8 44. g5 g6 45. Rf2 Qd3 46. fxg6+ Rxg6 47. Qxd5 fxg5 48. Qxb7+ Bg7 49. Qf3 Qc4 50. Qf5 Qc6+ 51. Kh2 d5 52. Rg2 Bh6 53. Bxg5 Kh8 54. Bxh6 Rxg2+ 55. Kxg2 Qxh6 56. Qe5+ Kh7 57. Qe7+ Kh8 58. Qd8+ Kh7 59. Qxd5 Qd2+ 60. Kg3 Qxc3+ 61. Kg4 Qd2 62. Qf7+ Kh8 63. Qf6+ Kh7 64. h4 Kg8 65. Kf5 Qa5+ 66. Qe5 Qa7 67. Qe6+ Kh8 68. Qf6+ Kg8 69. h5 Qa5+ 70. Kg6 1-0

[Event "HUN-chT2 Szechenyi 2223"]
[Site "Hungary"]
[Date "2023.01.29"]
[Round "4.1"]
[White "Gaal, Sandor"]
[Black "Rovid, Kalman"]
[Result "1/2-1/2"]
[WhiteElo "1953"]
[BlackElo "2168"]
[PlyCount "64"]
[EventDate "2022.11.20"]
[EventType "team-tourn"]
[EventRounds "9"]
[EventCountry "HUN"]
[SourceTitle "EXT 2025"]
[Source "ChessBase"]
[SourceDate "2024.10.14"]
[SourceVersion "1"]
[SourceVersionDate "2024.10.14"]
[SourceQuality "1"]
[WhiteTeam "Sentimento Ajka BSK III"]
[BlackTeam "Haladas III"]
[WhiteTeamCountry "HUN"]
[BlackTeamCountry "HUN"]

1. Nf3 Nf6 2. g3 c5 3. Bg2 Nc6 4. 0-0 g6 5. d4 cxd4 6. Nxd4 Bg7 7. c4 0-0 8. Nc3 a6 9. Nc2 d6 10. Ne3 Bd7 11. Bd2 Rb8 12. Rc1 b5 13. cxb5 axb5 14. b3 b4 15. Ncd5 Nxd5 16. Bxd5 Ne5 17. Nc4 Nxc4 18. Bxc4 Qa5 19. a4 d5 20. Bd3 Rfd8 21. Qc2 e5 22. Qc5 Qa8 23. Qe7 Be6 24. Bb5 d4 25. Rc7 Bxb3 26. Qxb4 Be6 27. Qe7 Bf8 28. Qf6 Qd5 29. Rfc1 Bg7 30. Qe7 Bf8 31. Qf6 Bg7 32. Qe7 Bf8 1/2-1/2

[Event "HUN-chT2 Szechenyi 1718"]
[Site "Hungary"]
[Date "2018.03.04"]
[Round "7.9"]
[White "Korcz, Sandor"]
[Black "Gaal, Sandor"]
[Result "1-0"]
[WhiteElo "1924"]
[BlackElo "2012"]
[PlyCount "97"]
[EventDate "2017.10.29"]
[EventType "team-tourn"]
[EventRounds "9"]
[EventCountry "HUN"]
[SourceTitle "EXT 2021"]
[Source "ChessBase"]
[SourceDate "2020.10.23"]
[SourceVersion "1"]
[SourceVersionDate "2020.10.23"]
[SourceQuality "1"]
[WhiteTeam "Csuti Baki Agrocentrum"]
[BlackTeam "Ajka Banyasz"]
[WhiteTeamCountry "HUN"]
[BlackTeamCountry "HUN"]

1. e4 g6 2. d4 Bg7 3. Nf3 d6 4. Be2 Nf6 5. Nc3 c6 6. a4 Nbd7 7. 0-0 0-0 8. Re1 e5 9. dxe5 dxe5 10. Bc4 h6 11. Qe2 g5 12. h3 Nh5 13. Be3 Qe7 14. Qd2 a5 15. Red1 Nc5 16. Bxc5 Qxc5 17. Bb3 g4 18. hxg4 Bxg4 19. Qd6 Qxd6 20. Rxd6 Bxf3 21. gxf3 Rfd8 22. Rad1 Bf6 23. Rd7 Kh8 24. Rxb7 Rxd1+ 25. Nxd1 Rd8 26. Ne3 Nf4 27. Kf1 Rd2 28. Ke1 Re2+ 29. Kd1 Rxf2 30. Bxf7 Bg5 31. Bc4 Ng2 32. Nxg2 Rxg2 33. c3 h5 34. b4 axb4 35. cxb4 h4 36. Be6 Rf2 37. a5 h3 38. Bxh3 Rxf3 39. Bd7 Rd3+ 40. Kc2 Rd6 41. a6 Be3 42. a7 Bxa7 43. Rxa7 Rd4 44. Kc3 Rxe4 45. Bxc6 Re1 46. b5 e4 47. Re7 e3 48. Kd3 Rd1+ 49. Ke2 1-0

[Event "HUN-chT2 Szechenyi 1718"]
[Site "Hungary"]
[Date "2017.11.26"]
[Round "2.9"]
[White "Gaal, Sandor"]
[Black "Schleinig, Pal"]
[Result "1-0"]
[WhiteElo "2012"]
[BlackElo "1863"]
[PlyCount "97"]
[EventDate "2017.10.29"]
[EventType "team-tourn"]
[EventRounds "9"]
[EventCountry "HUN"]
[SourceTitle "EXT 2021"]
[Source "ChessBase"]
[SourceDate "2020.10.23"]
[SourceVersion "1"]
[SourceVersionDate "2020.10.23"]
[SourceQuality "1"]
[WhiteTeam "Ajka Banyasz"]
[BlackTeam "Keszthely Spartacus"]
[WhiteTeamCountry "HUN"]
[BlackTeamCountry "HUN"]

1. Nf3 Nf6 2. g3 g6 3. Bg2 Bg7 4. 0-0 0-0 5. d4 d5 6. c4 c6 7. b3 Bf5 8. Bb2 Qd7 9. Ne5 Qe6 10. cxd5 cxd5 11. Nc3 Nc6 12. Nxc6 bxc6 13. Na4 Bh3 14. Rc1 Bxg2 15. Kxg2 Rac8 16. Qd3 Nd7 17. Ba3 h5 18. h4 Qg4 19. e3 Rfe8 20. f3 Qe6 21. Rc2 Rc7 22. Rfc1 f5 23. Nc5 Nxc5 24. Rxc5 Qd7 25. f4 e6 26. R5c3 Bf8 27. Bc5 Bxc5 28. Rxc5 Rd8 29. Qa6 Rdc8 30. b4 Kf7 31. b5 cxb5 32. Qxc8 Rxc8 33. Rxc8 Qd6 34. R1c7+ Kf6 35. Rxa7 Qb4 36. Kf3 Qd6 37. Rcc7 Qf8 38. Ke2 b4 39. Kd3 Qe8 40. Rf7+ Qxf7 41. Rxf7+ Kxf7 42. Kc2 Ke7 43. Kb3 Kd6 44. Kxb4 Kc6 45. a4 Kb6 46. a5+ Ka6 47. Ka4 Ka7 48. Kb5 Kb7 49. Kc5 1-0

[Event "HUN-chT2 Szechenyi 1415"]
[Site "Hungary"]
[Date "2014.12.14"]
[Round "6.6"]
[White "Simai, Laszlo"]
[Black "Gaal, Sandor"]
[Result "0-1"]
[WhiteElo "1880"]
[BlackElo "2046"]
[PlyCount "50"]
[EventDate "2014.09.07"]
[EventType "team-tourn"]
[EventRounds "11"]
[EventCountry "HUN"]
[SourceTitle "EXT 2016"]
[Source "ChessBase"]
[SourceDate "2015.10.08"]
[SourceVersion "1"]
[SourceVersionDate "2015.10.08"]
[SourceQuality "1"]
[WhiteTeam "Veszprem"]
[BlackTeam "Ajka Banyasz"]
[WhiteTeamCountry "HUN"]
[BlackTeamCountry "HUN"]

1. e4 g6 2. d4 Bg7 3. f4 c5 4. Nf3 cxd4 5. Nxd4 Qb6 6. c3 Nc6 7. Nxc6 bxc6 8. Na3 Nf6 9. Nc4 Qc7 10. Bd3 d5 11. exd5 cxd5 12. Ne5 0-0 13. 0-0 Ne4 14. Bxe4 dxe4 15. Ng4 Rd8 16. Qe2 Qb6+ 17. Be3 Bxg4 18. Bxb6 Bxe2 19. Bxd8 Rxd8 20. Rf2 Bd3 21. g4 f5 22. gxf5 gxf5 23. Rg2 Kf7 24. Rg5 e6 25. Kf2 Rb8 0-1

[Event "HUN-chT2 Szechenyi 1314"]
[Site "Hungary"]
[Date "2014.04.13"]
[Round "10.7"]
[White "Ongai, Erik"]
[Black "Gaal, Sandor"]
[Result "1/2-1/2"]
[WhiteElo "2033"]
[BlackElo "2044"]
[PlyCount "70"]
[EventDate "2013.09.08"]
[EventType "team-tourn"]
[EventRounds "11"]
[EventCountry "HUN"]
[SourceTitle "EXT 2016"]
[Source "ChessBase"]
[SourceDate "2015.10.08"]
[SourceVersion "1"]
[SourceVersionDate "2015.10.08"]
[SourceQuality "1"]
[WhiteTeam "Sarvar"]
[BlackTeam "Ajka Banyasz"]
[WhiteTeamCountry "HUN"]
[BlackTeamCountry "HUN"]

1. e4 g6 2. d4 Bg7 3. Nf3 d6 4. Bc4 Nf6 5. Nc3 0-0 6. Bg5 Nxe4 7. Bxf7+ Rxf7 8. Nxe4 Bg4 9. c3 Bxf3 10. gxf3 Nc6 11. h4 h6 12. Be3 e5 13. d5 Ne7 14. Qd2 Nf5 15. 0-0-0 Nxe3 16. Qxe3 Rf4 17. Rdg1 Kh7 18. Rg4 Rxg4 19. fxg4 c6 20. dxc6 bxc6 21. h5 d5 22. hxg6+ Kxg6 23. g5 hxg5 24. Ng3 Qf6 25. Nh5 Qe7 26. Qd3+ e4 27. Qa6 Qc7 28. Nxg7 Kxg7 29. Qe2 Qf4+ 30. Kb1 Qf3 31. Qe1 Rh8 32. Rxh8 Kxh8 33. Qd2 Qf6 34. Qe3 Qe7 35. Qh3+ Kg7 1/2-1/2

[Event "HUN-chT2 Szechenyi 1314"]
[Site "Hungary"]
[Date "2014.02.16"]
[Round "7.4"]
[White "Ruszin, Tibor"]
[Black "Gaal, Sandor"]
[Result "1/2-1/2"]
[WhiteElo "2033"]
[BlackElo "2044"]
[PlyCount "30"]
[EventDate "2013.09.08"]
[EventType "team-tourn"]
[EventRounds "11"]
[EventCountry "HUN"]
[SourceTitle "EXT 2016"]
[Source "ChessBase"]
[SourceDate "2015.10.08"]
[SourceVersion "1"]
[SourceVersionDate "2015.10.08"]
[SourceQuality "1"]
[WhiteTeam "Zala Volan"]
[BlackTeam "Ajka Banyasz"]
[WhiteTeamCountry "HUN"]
[BlackTeamCountry "HUN"]

1. Nf3 g6 2. g3 Bg7 3. Bg2 Nf6 4. 0-0 0-0 5. c4 d6 6. Nc3 e5 7. d4 exd4 8. Nxd4 Nbd7 9. b3 Nc5 10. Bb2 Re8 11. b4 Nce4 12. f3 Nxc3 13. Bxc3 d5 14. c5 Qe7 15. Qd2 h5 1/2-1/2

[Event "HUN-chT2 Szechenyi 1213"]
[Site "Hungary"]
[Date "2013.04.21"]
[Round "11.6"]
[White "Rot, Norbert"]
[Black "Gaal, Sandor"]
[Result "1/2-1/2"]
[WhiteElo "1840"]
[BlackElo "2042"]
[PlyCount "29"]
[EventDate "2012.09.16"]
[EventType "team-tourn"]
[EventRounds "11"]
[EventCountry "HUN"]
[SourceTitle "EXT 2014"]
[Source "ChessBase"]
[SourceDate "2013.11.20"]
[SourceVersion "1"]
[SourceVersionDate "2013.11.20"]
[SourceQuality "1"]
[WhiteTeam "Peti MTE"]
[BlackTeam "Ajka Banyasz"]
[WhiteTeamCountry "HUN"]
[BlackTeamCountry "HUN"]

1. e4 g6 2. d4 Bg7 3. Nf3 c5 4. c3 cxd4 5. Nxd4 d6 6. Be3 Nf6 7. f3 Nc6 8. Bc4 Qc7 9. Bb3 Na5 10. 0-0 Nxb3 11. axb3 Bd7 12. Na3 0-0 13. Qd2 Rfe8 14. Kh1 h5 15. Rfd1 1/2-1/2

[Event "HUN-chT2 Szechenyi 1213"]
[Site "Hungary"]
[Date "2012.09.16"]
[Round "1.8"]
[White "Gaal, Sandor"]
[Black "Toronyi, David"]
[Result "1/2-1/2"]
[WhiteElo "2042"]
[BlackElo "2067"]
[PlyCount "57"]
[EventDate "2012.09.16"]
[EventType "team-tourn"]
[EventRounds "11"]
[EventCountry "HUN"]
[SourceTitle "EXT 2014"]
[Source "ChessBase"]
[SourceDate "2013.11.20"]
[SourceVersion "1"]
[SourceVersionDate "2013.11.20"]
[SourceQuality "1"]
[WhiteTeam "Ajka Banyasz"]
[BlackTeam "Tapolca"]
[WhiteTeamCountry "HUN"]
[BlackTeamCountry "HUN"]

1. Nf3 d5 2. g3 Nf6 3. b3 e6 4. Bb2 c5 5. Bg2 Nc6 6. 0-0 Be7 7. d3 0-0 8. Nbd2 Qc7 9. e4 d4 10. a4 e5 11. Nc4 Be6 12. Nfd2 Na5 13. Nxa5 Qxa5 14. h3 Nd7 15. f4 exf4 16. gxf4 f5 17. e5 Qc7 18. Qf3 Rab8 19. Nc4 Kh8 20. Bc1 Rg8 21. Bd2 g5 22. Rae1 g4 23. hxg4 Rxg4 24. Kh2 Bh4 25. Re2 Bg3+ 26. Qxg3 Rxg3 27. Kxg3 Rg8+ 28. Kf2 Nb6 29. Nd6 1/2-1/2

[Event "HUN-chT2 Szechenyi 1112"]
[Site "Hungary"]
[Date "2012.05.06"]
[Round "10.6"]
[White "Gaal, Sandor"]
[Black "Deak, Laszlo"]
[Result "1/2-1/2"]
[WhiteElo "2020"]
[BlackElo "1971"]
[PlyCount "51"]
[EventDate "2011.09.25"]
[EventType "team-tourn"]
[EventRounds "11"]
[EventCountry "HUN"]
[SourceTitle "EXT 2013"]
[Source "ChessBase"]
[SourceDate "2012.11.22"]
[SourceVersion "1"]
[SourceVersionDate "2012.11.22"]
[SourceQuality "1"]
[WhiteTeam "Ajka Banyasz"]
[BlackTeam "Zala Volan"]
[WhiteTeamCountry "HUN"]
[BlackTeamCountry "HUN"]

1. Nf3 d5 2. b3 Bg4 3. Bb2 Bxf3 4. exf3 Nf6 5. g3 e6 6. Bg2 Be7 7. 0-0 0-0 8. d3 Nbd7 9. f4 c5 10. Nd2 Qc7 11. Qe2 Rfe8 12. Rfe1 Rad8 13. Nf3 b5 14. c4 b4 15. Ne5 Nb6 16. g4 Bf8 17. g5 Nfd7 18. h4 Nxe5 19. fxe5 d4 20. f4 g6 21. h5 Nc8 22. Be4 Ne7 23. Kf2 Nf5 24. Bxf5 exf5 25. Qf3 Re6 26. Re2 1/2-1/2

[Event "HUN-chT2 Szechenyi 1112"]
[Site "Hungary"]
[Date "2011.10.30"]
[Round "2.7"]
[White "Gaal, Sandor"]
[Black "Gyarmati, Janos"]
[Result "1/2-1/2"]
[WhiteElo "2020"]
[BlackElo "2056"]
[PlyCount "25"]
[EventDate "2011.09.25"]
[EventType "team-tourn"]
[EventRounds "11"]
[EventCountry "HUN"]
[SourceTitle "EXT 2013"]
[Source "ChessBase"]
[SourceDate "2012.11.22"]
[SourceVersion "1"]
[SourceVersionDate "2012.11.22"]
[SourceQuality "1"]
[WhiteTeam "Ajka Banyasz"]
[BlackTeam "Tapolca"]
[WhiteTeamCountry "HUN"]
[BlackTeamCountry "HUN"]

1. Nf3 d5 2. c4 e6 3. b3 Nf6 4. g3 g6 5. Bb2 Bg7 6. Bg2 0-0 7. 0-0 c6 8. d3 b6 9. Nbd2 Bb7 10. Qc2 c5 11. e4 dxe4 12. dxe4 Nc6 13. a3 1/2-1/2

[Event "HUN-chT2 Szechenyi 1112"]
[Site "Hungary"]
[Date "2011.09.25"]
[Round "1.7"]
[White "Vegh, Istvan"]
[Black "Gaal, Sandor"]
[Result "0-1"]
[WhiteElo "1928"]
[BlackElo "2020"]
[PlyCount "90"]
[EventDate "2011.09.25"]
[EventType "team-tourn"]
[EventRounds "11"]
[EventCountry "HUN"]
[SourceTitle "EXT 2013"]
[Source "ChessBase"]
[SourceDate "2012.11.22"]
[SourceVersion "1"]
[SourceVersionDate "2012.11.22"]
[SourceQuality "1"]
[WhiteTeam "Arboretum"]
[BlackTeam "Ajka Banyasz"]
[WhiteTeamCountry "HUN"]
[BlackTeamCountry "HUN"]

1. d4 g6 2. c4 Bg7 3. e4 d6 4. Nc3 Nc6 5. Be3 e5 6. Nge2 f5 7. d5 Nce7 8. f3 Nf6 9. Qb3 0-0 10. g3 Kh8 11. Bg2 b6 12. 0-0 Nd7 13. Rac1 Nc5 14. Qc2 a5 15. a3 Bd7 16. b4 axb4 17. axb4 Na4 18. Ra1 Nxc3 19. Qxc3 Rxa1 20. Rxa1 fxe4 21. fxe4 Bg4 22. Qd2 Qd7 23. Ra7 Nc8 24. Ra8 Bh3 25. Nc3 Qg4 26. Qe2 Qd7 27. Na4 Bg4 28. Qd3 Qf7 29. Qf1 Qd7 30. Qd3 h5 31. Nc3 Kh7 32. c5 bxc5 33. bxc5 dxc5 34. Bxc5 Rf6 35. Qb5 Qf7 36. Qb7 Nd6 37. Bxd6 Rxd6 38. Ra7 Bh6 39. Ra2 Be3+ 40. Kh1 Rb6 41. Qa8 Bd4 42. h3 Bf3 43. Na4 Rb1+ 44. Kh2 Bxg2 45. Qa6 Bxe4 0-1

[Event "HUN-chT2 Szechenyi 1011"]
[Site "Hungary"]
[Date "2011.04.10"]
[Round "8.6"]
[White "Kiss, Judit"]
[Black "Gaal, Sandor"]
[Result "1-0"]
[WhiteElo "2068"]
[BlackElo "2025"]
[PlyCount "67"]
[EventDate "2010.09.12"]
[EventType "team-tourn"]
[EventRounds "11"]
[EventCountry "HUN"]
[SourceTitle "EXT 2012"]
[Source "ChessBase"]
[SourceDate "2011.11.24"]
[SourceVersion "1"]
[SourceVersionDate "2011.11.24"]
[SourceQuality "1"]
[WhiteTeam "Spartacus"]
[BlackTeam "Ajka Banyasz"]
[WhiteTeamCountry "HUN"]
[BlackTeamCountry "HUN"]

1. e4 g6 2. d4 Bg7 3. c4 d6 4. Nc3 Nc6 5. Be3 e5 6. d5 Nce7 7. c5 f5 8. f3 Nf6 9. Bb5+ Bd7 10. Qb3 fxe4 11. fxe4 b6 12. c6 Bc8 13. Nf3 h6 14. h3 0-0 15. 0-0 Nh5 16. Rad1 Nf4 17. Ne2 g5 18. a4 a6 19. Bc4 Neg6 20. Bxf4 gxf4 21. Kh2 Kh7 22. Qd3 Rg8 23. Rf2 Bf6 24. Rg1 Kh8 25. g3 fxg3+ 26. Rxg3 Bh4 27. Nxh4 Qxh4 28. Rfg2 Ne7 29. Qf3 b5 30. axb5 axb5 31. Bxb5 Ba6 32. Bxa6 Rxa6 33. Rxg8+ Nxg8 34. Qf8 1-0

[Event "HUN-chT2 Szechenyi 1011"]
[Site "Hungary"]
[Date "2010.10.10"]
[Round "3.5"]
[White "Gaal, Sandor"]
[Black "Oltean, Gusztav"]
[Result "1/2-1/2"]
[WhiteElo "2025"]
[BlackElo "2152"]
[PlyCount "61"]
[EventDate "2010.09.12"]
[EventType "team-tourn"]
[EventRounds "11"]
[EventCountry "HUN"]
[SourceTitle "EXT 2012"]
[Source "ChessBase"]
[SourceDate "2011.11.24"]
[SourceVersion "1"]
[SourceVersionDate "2011.11.24"]
[SourceQuality "1"]
[WhiteTeam "Ajka Banyasz"]
[BlackTeam "Veszprem"]
[WhiteTeamCountry "HUN"]
[BlackTeamCountry "HUN"]

1. Nf3 Nf6 2. g3 g6 3. Bg2 Bg7 4. d3 0-0 5. 0-0 d6 6. Nbd2 e5 7. e4 Nc6 8. a4 h6 9. Nc4 Be6 10. Re1 Qd7 11. Bd2 Bh3 12. c3 Rae8 13. Qc2 Nh5 14. Ne3 Bxg2 15. Kxg2 f5 16. exf5 gxf5 17. d4 f4 18. Nf1 fxg3 19. hxg3 Qf7 20. Qd3 exd4 21. Rxe8 Rxe8 22. cxd4 Rf8 23. Bc3 Qd5 24. N1d2 Ne5 25. Qe3 Nxf3 26. Nxf3 Qf5 27. Re1 Nf6 28. Qe6+ Qxe6 29. Rxe6 Kf7 30. Re2 Nd5 31. Nh4 1/2-1/2

[Event "HUN-chT2 Szechenyi 1011"]
[Site "Hungary"]
[Date "2010.09.12"]
[Round "1.6"]
[White "Kovacs, Dezso"]
[Black "Gaal, Sandor"]
[Result "1-0"]
[WhiteElo "2008"]
[BlackElo "2025"]
[PlyCount "99"]
[EventDate "2010.09.12"]
[EventType "team-tourn"]
[EventRounds "11"]
[EventCountry "HUN"]
[SourceTitle "EXT 2012"]
[Source "ChessBase"]
[SourceDate "2011.11.24"]
[SourceVersion "1"]
[SourceVersionDate "2011.11.24"]
[SourceQuality "1"]
[WhiteTeam "Lovo"]
[BlackTeam "Ajka Banyasz"]
[WhiteTeamCountry "HUN"]
[BlackTeamCountry "HUN"]

1. c4 g6 2. Nc3 Bg7 3. g3 d6 4. Bg2 e5 5. e4 Ne7 6. Nge2 Nbc6 7. 0-0 0-0 8. d3 Nd4 9. Nxd4 exd4 10. Ne2 f5 11. f3 c6 12. Rb1 a5 13. a3 d5 14. exd5 cxd5 15. c5 b6 16. cxb6 Qxb6 17. b4 Be6 18. Bd2 a4 19. Nf4 Bf7 20. Re1 Rfe8 21. Nh3 h6 22. Rc1 g5 23. Rc5 Bf6 24. Qc2 Red8 25. Nf2 Kg7 26. Nh3 Kg8 27. Kf2 Kg7 28. f4 g4 29. Ng5 Bg8 30. Rc7 Re8 31. Qc5 Qxc5 32. bxc5 Kg6 33. Ne6 Bxe6 34. Rxe6 Rab8 35. Bb4 Rxb4 36. axb4 Ra8 37. Re2 Rb8 38. Rb2 a3 39. Ra2 Rxb4 40. Rxa3 Rb2+ 41. Kg1 Rc2 42. Ra6 Kf7 43. Bxd5+ Kg7 44. Bg2 Rc1+ 45. Bf1 h5 46. Ra4 Kg6 47. Rc4 Rd1 48. Rd7 Kf7 49. c6 Ke8 50. Rxe7+ 1-0

[Event "HUN-chT2 Szechenyi 0910"]
[Site "Hungary"]
[Date "2010.03.21"]
[Round "8.7"]
[White "Kovacs, Dezso"]
[Black "Gaal, Sandor"]
[Result "1/2-1/2"]
[WhiteElo "2024"]
[BlackElo "2040"]
[PlyCount "61"]
[EventDate "2009.11.08"]
[EventType "team-tourn"]
[EventRounds "11"]
[EventCountry "HUN"]
[SourceTitle "EXT 2011"]
[Source "ChessBase"]
[SourceDate "2010.11.26"]
[SourceVersion "1"]
[SourceVersionDate "2010.11.26"]
[SourceQuality "1"]
[WhiteTeam "Lovo"]
[BlackTeam "Ajka Banyasz"]
[WhiteTeamCountry "HUN"]
[BlackTeamCountry "HUN"]

1. c4 g6 2. Nc3 Bg7 3. g3 c5 4. Bg2 Nc6 5. e4 Nf6 6. Nge2 0-0 7. d3 d6 8. 0-0 Bd7 9. h3 Rb8 10. Rb1 a6 11. Be3 b5 12. b3 b4 13. Nd5 Nxd5 14. cxd5 Nd4 15. Kh2 Qb6 16. Qd2 Rfc8 17. Bxd4 Bxd4 18. f4 Bg7 19. Rf3 a5 20. f5 Bb5 21. fxg6 hxg6 22. Rbf1 Rf8 23. Qg5 Qd8 24. h4 Bf6 25. Rxf6 exf6 26. Rxf6 Kg7 27. Nf4 Be8 28. Nh5+ Kh7 29. Qf4 Rb6 30. Bh3 Qe7 31. Bf5 1/2-1/2

[Event "HUN-chT2 Szechenyi 0910"]
[Site "Hungary"]
[Date "2010.02.28"]
[Round "7.5"]
[White "Gaal, Sandor"]
[Black "Gyarmati, Janos"]
[Result "1/2-1/2"]
[WhiteElo "2040"]
[BlackElo "2039"]
[PlyCount "61"]
[EventDate "2009.11.08"]
[EventType "team-tourn"]
[EventRounds "11"]
[EventCountry "HUN"]
[SourceTitle "EXT 2011"]
[Source "ChessBase"]
[SourceDate "2010.11.26"]
[SourceVersion "1"]
[SourceVersionDate "2010.11.26"]
[SourceQuality "1"]
[WhiteTeam "Ajka Banyasz"]
[BlackTeam "Tapolca Szeremley"]
[WhiteTeamCountry "HUN"]
[BlackTeamCountry "HUN"]

1. d3 d5 2. Nd2 Nf6 3. g3 c6 4. Bg2 Bf5 5. Ngf3 h6 6. b3 Nbd7 7. Bb2 e6 8. 0-0 Bd6 9. e4 dxe4 10. dxe4 Bg4 11. h3 Bxf3 12. Nxf3 Qc7 13. Qe2 Ne5 14. Nd4 Bc5 15. Kh2 Rd8 16. Rad1 Qb6 17. Nxe6 fxe6 18. Rxd8+ Kxd8 19. Bxe5 Ke7 20. f4 Rd8 21. f5 Bd4 22. Bxf6+ gxf6 23. e5 Bxe5 24. fxe6 Rg8 25. Qd3 Qd8 26. Qh7+ Kxe6 27. Qf5+ Ke7 28. Qh7+ Ke6 29. Qf5+ Ke7 30. Qh7+ Ke6 31. Qf5+ 1/2-1/2

[Event "HUN-chT2 Szechenyi 0809"]
[Site "Hungary"]
[Date "2009.04.19"]
[Round "11.6"]
[White "Zorkoczy, Gyorgy"]
[Black "Gaal, Sandor"]
[Result "1-0"]
[WhiteElo "2047"]
[BlackElo "2046"]
[PlyCount "45"]
[EventDate "2008.10.26"]
[EventType "tourn"]
[EventRounds "11"]
[EventCountry "HUN"]
[SourceTitle "EXT 2010"]
[Source "ChessBase"]
[SourceDate "2010.11.25"]
[SourceVersion "1"]
[SourceVersionDate "2010.11.25"]
[SourceQuality "1"]
[WhiteTeam "Flesch"]
[BlackTeam "Ajka Banyasz"]
[WhiteTeamCountry "HUN"]
[BlackTeamCountry "HUN"]

1. e4 c5 2. Nf3 d6 3. d4 cxd4 4. Nxd4 Nf6 5. Nc3 e6 6. Be3 Be7 7. Bd3 a6 8. 0-0 0-0 9. f4 Qc7 10. Qf3 Nbd7 11. g4 Nc5 12. g5 Nfd7 13. f5 Ne5 14. Qe2 f6 15. h4 Bd7 16. fxe6 Nxe6 17. Nd5 Qd8 18. Nf5 Nc6 19. e5 dxe5 20. Nfxe7+ Nxe7 21. Nxe7+ Qxe7 22. Bxh7+ Kh8 23. Bg6 1-0

[Event "HUN-chT2 Szechenyi 0809"]
[Site "Hungary"]
[Date "2009.04.05"]
[Round "10.7"]
[White "Horvath, Mark"]
[Black "Gaal, Sandor"]
[Result "1/2-1/2"]
[WhiteElo "1922"]
[BlackElo "2046"]
[PlyCount "24"]
[EventDate "2008.10.26"]
[EventType "tourn"]
[EventRounds "11"]
[EventCountry "HUN"]
[SourceTitle "EXT 2010"]
[Source "ChessBase"]
[SourceDate "2010.11.25"]
[SourceVersion "1"]
[SourceVersionDate "2010.11.25"]
[SourceQuality "1"]
[WhiteTeam "Tapolca II"]
[BlackTeam "Ajka Banyasz"]
[WhiteTeamCountry "HUN"]
[BlackTeamCountry "HUN"]

1. e4 e5 2. Nf3 d6 3. Nc3 Nf6 4. d4 exd4 5. Nxd4 Be7 6. Be3 0-0 7. Bc4 a6 8. a4 Nbd7 9. h3 Ne5 10. Be2 Bd7 11. f4 Nc6 12. 0-0 Nxd4 1/2-1/2

[Event "HUN-chT2 Szechenyi 0607"]
[Site "Hungary"]
[Date "2007.04.29"]
[Round "9"]
[White "Rozsa, Peter"]
[Black "Gaal, Sandor"]
[Result "1-0"]
[WhiteElo "2164"]
[BlackElo "2085"]
[PlyCount "47"]
[EventDate "2006.11.12"]
[EventType "team-tourn"]
[EventRounds "11"]
[EventCountry "HUN"]
[SourceTitle "EXT 2008"]
[Source "ChessBase"]
[SourceDate "2007.11.25"]
[SourceVersion "1"]
[SourceVersionDate "2007.11.25"]
[SourceQuality "1"]
[WhiteTeam "Khelyi Spartacus"]
[BlackTeam "Ajka Banyasz"]
[WhiteTeamCountry "HUN"]
[BlackTeamCountry "HUN"]

1. d4 f5 2. Nc3 Nf6 3. Bg5 e6 4. e4 fxe4 5. Nxe4 Be7 6. Bxf6 Bxf6 7. Nf3 0-0 8. Bd3 d5 9. Nxf6+ Qxf6 10. c3 Nc6 11. Qe2 Bd7 12. 0-0 Rae8 13. Rae1 a6 14. Qc2 g6 15. a4 e5 16. Qb3 exd4 17. Qxd5+ Be6 18. Rxe6 Rxe6 19. Bc4 Nd8 20. Nxd4 c6 21. Qe4 Rfe8 22. Re1 Kf7 23. Nxe6 Nxe6 24. Re3 1-0